|
|
|
|
| LEADER |
01892nam a2200409 a 4500 |
| 001 |
000012621 |
| 005 |
20170919100551.0 |
| 008 |
940516s1827 xo e lat |
| FMT |
|
|
|
| 040 |
|
|
|a SVKKK
|b slo
|c SVKKK
|e AACR2
|
| 041 |
0 |
|
|a lat
|
| 044 |
|
|
|a xo
|c SK
|
| 080 |
|
|
|a 512
|
| 080 |
|
|
|a (075)
|
| 100 |
1 |
|
|a Pichler, Alojz
|d 1794-1857
|4 aut
|
| 245 |
1 |
0 |
|a Praxis Theoriae Analyseos :
|b Et Compendiis Accommodata In Usum Candidatorum Algebrae Per Aloysium Pichler. Longum iter est per praecepta; breve et efficax per exempla. Sen. Ep. 6.
|
| 260 |
|
|
|a Cassoviae :
|b Typis Caroli Werfer, Typographi Academiae,
|c 1827
|
| 300 |
|
|
|a [6],IV,162,[2] s. [5],1/8-10/8,11/2 [=87] list.
|c 8°. 20,5x12,5 cm
|
| 500 |
|
|
|a Linky, typograf. ozdoby, tlač. pozn. pod čiarou v lat. jaz.
|
| 508 |
|
|
|a Na zl. [2]-[3] ded. autora mecenášovi "...Domino Francisco Xaverio Laicsák Ecclesiae Cathedralis Rosnaviensis Episcopo...". Na zl. [4]-[5] úvod autora v závere s textom "Dabam Cassoviae IV. Idus Maii MDCCCXXVI."
|
| 510 |
4 |
|
|a Petrik III/91; Hanakovič III/935; OSZK; SNK.
|
| 561 |
|
|
|a Pečiatka: Štátna vedecká knižnica v Košiciach; K. K. Rechtsakad. Bibliothek In Kaschau. Tlač. exlibris: Kassai királyi jogakademia Könyvtára Szekrény szám XXVI Osztályzat f.
|
| 563 |
|
|
|a Lepenka, žlto-hnedý mramor. papier, chrbát čierno-hnedý mramor. papier
|
| 653 |
1 |
|
|a matematika
|
| 653 |
1 |
|
|a algebra
|
| 653 |
1 |
|
|a učebnice
|
| 700 |
1 |
|
|a Pichler, Alojz
|d 1794-1857
|4 aui
|4 dto
|
| 700 |
1 |
|
|a Lajčák, František
|c rožňavský a oradejský biskup
|d 1772-1843
|4 dte
|
| 710 |
0 |
|
|a Werfer, Karol I.,
|c Košice,
|d 1822-1846
|4 prt
|
| 710 |
0 |
|
|a knižnice - Knižnica Právnickej akadémie
|c Košice
|4 sgn
|
| 752 |
|
|
|a Slovensko
|d Košice
|
| 852 |
|
|
|p V 665a PA
|
| 904 |
|
|
|a f---y----kc------yyyb-1001--
|
| 905 |
|
|
|a fg-a0bb-
|5 -------
|
| 910 |
|
|
|a svkkk
|
| 998 |
|
|
|a KASSA
|
| BAS |
|
|
|